00285nam a2200121Ia 4500008004100000082001600041100001400057245002200071250000800093260004600101300000800147650000800155191201s2009 xx 000 0 und d a658.87bNAR aNAIR,Suja 0aRetail Management a4th aN.DelhibHimalaya Publication Housec2009 a478 aMBA